I Simposium sobre Metodología de la Historia de las Ciencias. (Record no. 144154)

MARC details
000 -LEADER
campo de control de longitud fija 00617nam a2200181 4500
001 - NÚMERO DE CONTROL
campo de control 144154
003 - IDENTIFICADOR DE NÚMERO DE CONTROL
campo de control ES-MaACL
005 - FECHA Y HORA DE LA ÚLTIMA TRANSACCIÓN
campo de control 20230906200945.0
007 - CAMPO FIJO DE DESCRIPCIÓN FÍSICA--INFORMACIÓN GENERAL
campo de control de longitud fija t|
008 - DATOS DE LONGITUD FIJA--INFORMACIÓN GENERAL
campo de control de longitud fija 070214q1981 sp r ||||1| spa d
111 2# - ENTRADA PRINCIPAL--NOMBRE DE CONGRESO/REUNIÓN
Nombre de congreso/reunión o jurisdicción como elemento de entrada Simposium sobre Metodología de la Historia de las Ciencias (
Fecha del congreso o de la firma del tratado 1981.
Sede del congreso/Lugar de la reunión Madrid)
9 (RLIN) 135230
245 10 - MENCIÓN DEL TÍTULO
Título I Simposium sobre Metodología de la Historia de las Ciencias.
260 ## - PUBLICACIÓN, DISTRIBUCIÓN, ETC.
Lugar de publicación, distribución, etc. Madrid :
Nombre del editor, distribuidor, etc. Universidad Complutense,
Fecha de publicación, distribución, etc. [1981?]
300 ## - DESCRIPCIÓN FÍSICA
Extensión V, 264 p. ;
Dimensiones 30 cm.
500 ## - NOTA GENERAL
Nota general Ejemplar de multicopista.
710 2# - ENTRADA AGREGADA--NOMBRE DE ENTIDAD CORPORATIVA
Nombre de entidad corporativa o nombre de jurisdicción como elemento de entrada Universidad Complutense de Madrid.
9 (RLIN) 7098
852 ## - LOCALIZACIÓN
Ubicación ES-MaACL
Número de control de estantería L-3777
Sublocalización o colección R.102533
Holdings
Estatus retirado Estado de pérdida Estado de daño No para préstamo Biblioteca de origen Biblioteca actual Ubicación en estantería Fecha de adquisición Fuente de adquisición Total de préstamos Signatura topográfica completa Código de barras Visto por última vez Precio de reemplazo Tipo de ítem Koha
        Biblioteca del Ateneo de Madrid Biblioteca del Ateneo de Madrid Depósito 2 17/01/2008     L-3777 1149978 23/02/2023 23/02/2023 Libro impreso